| 000 | 00611nam a22001817a 4500 | ||
|---|---|---|---|
| 999 |
_c526253 _d526253 |
||
| 003 | NUST | ||
| 020 | _qHBK | ||
| 038 | _aFaiza | ||
| 082 |
_a929.2 _bKHA |
||
| 100 |
_aKhan, Raja Muhammad Iftikhar Ali _917221 |
||
| 245 |
_aKhandan e Chub Rajpoot / _cRaja Muhammad Iftikhar Ali Khan |
||
| 260 |
_aBarhang, Azad kashmir : _bMaktaba Naveed, _c1979. |
||
| 300 | _a146 p. ; | ||
| 880 |
_6100-01\r _aراجہ محمد افتخار علی خان |
||
| 880 |
_6245-02\r _aخاندانِ چب راجپوت / |
||
| 880 |
_6260-03\r _aبڑھنگ،آزاد کشمیر : _bمکتبہ نوید, _c۱۹۷۹. |
||
| 942 |
_2ddc _cBK |
||